| 000 | 00458nam a2200193Ia 4500 | ||
|---|---|---|---|
| 003 | SISC | ||
| 005 | 20190128094641.0 | ||
| 008 | 190115s9999 xx 000 0 und d | ||
| 020 | _a9782090324709 | ||
| 100 | _aAuge, Helene | ||
| 245 |
_cHelene Auge _aTout va bien!/ |
||
| 260 |
_bCLE International _c2005 |
||
| 300 | _a1 CD | ||
| 500 | _aCD-ROM | ||
| 650 | _aExamination | ||
| 650 | _aExamination -- scoring | ||
| 942 |
_2lcc _cAVM |
||
| 999 |
_c360359 _d360359 |
||